000 00574nam a2200205Ia 4500
001 12503
003 GE_BSU
008 181216s||||||||xx |||||||||||||| ||und||
040 _cGE_BSU
080 _a634.8
245 _aВиноградарство
245 _cОбщ.ред.Я.И.Потапенко А.Д.Лукьяновым и М.А.Лазаревским
260 _aМосква
260 _bГосиздат
260 _c1951
300 _a214стр.23см.
300 _eПриложение с.183
653 _aВиноградарство
942 _cBK
999 _c45677
_d45677